000 00286nam a22001217a 4500
008 180925b xxu||||| |||| 00| 0 eng d
041 _aeng
080 _a574
100 _a9
101 _aMJE
245 _aPatterns Principles Of Animal Development
_cSaunders.jW
942 _2udc
_cBK
999 _c48445
_d48445